Γενική χημεία
Saved in:
| Main Author: | |
|---|---|
| Format: | Book |
| Language: | Greek |
| Published: |
Αθήνα :
Μπιστικέα,
2011, c2006.
|
| Edition: | 2η έκδ. |
| Subjects: | |
| Tags: |
Add Tag
No Tags, Be the first to tag this record!
|
MARC
| LEADER | 00000cam a2200000 i 4500 | ||
|---|---|---|---|
| 001 | 1/27295 | ||
| 008 | 130308s2011 gr | ||| |||| ||gre|| | ||
| 020 | |a 9608737133 |q (τ. 1) |q (χαρτόδετο) | ||
| 020 | |a 9608737141 |q (τ. 2) |q (χαρτόδετο) | ||
| 020 | |a 9608737125 |q (set) |q (χαρτόδετο) | ||
| 035 | |l 10113988 | ||
| 040 | |a GR-MY-UA |b gre |e aacr | ||
| 041 | 0 | |a gre | |
| 082 | 0 | |a 540 |2 (22) | |
| 100 | 1 | |a Ανδρικόπουλος, Νικόλαος Κ., |d 1945- |e aut | |
| 245 | 1 | 0 | |a Γενική χημεία / |c Νικόλαος Κ. Ανδρικόπουλος. |
| 250 | |a 2η έκδ. | ||
| 260 | |a Αθήνα : |b Μπιστικέα, |c 2011, c2006. | ||
| 300 | |a 2 τ. ; |b σχέδ. ; |c 24 εκ. | ||
| 505 | 0 | |a Τ. 1 Κεφάλαια θεωρίας. Τ. 2 Εργαστηριακές ασκήσεις. | |
| 650 | 0 | 0 | |a Chemistry. |
| 852 | |a INST |b LEMNOS |e 20200925 |h 540 ΑΝΔ |p 005600003499 |q 005600003499 |t BK |v τ.2: |y 0 | ||
| 852 | |a INST |b LEMNOS |e 20200925 |h 540 ΑΝΔ |p 005600003500 |q 005600003500 |t BK |v τ.1: |y 0 | ||
| 852 | |a INST |b LEMNOS |c EUDOXUS |e 20130308 |h 540 ΑΝΔ |p 005600000753 |q 005600000753 |t EDX |y 0 |z τ.1 | ||
| 852 | |a INST |b LEMNOS |c EUDOXUS |e 20130308 |h 540 ΑΝΔ |p 005600000753 |q 005600000753 |t EDX |v τ.1: |y 0 |z τ.1 | ||
| 853 | |a INST |b LEMNOS |h 540 ΑΝΔ | ||
| 853 | |a INST |b LEMNOS |c EUDOXUS |h 540 ΑΝΔ | ||
| 901 | |a BIBL6-2013-1 | ||
| 909 | |a Μ |b 161026 | ||
| 920 | |a Εύδοξος |b Παραγγελία |y Λήμνος-ΤΕΤΔ |z 2013-02 | ||
| 970 | |a ΤΣΟΥΚΑΛΑ |b ΑΛΙΚΗ |z 2013/01/ | ||